000 00379nam a2200145Ia 4500
008 221030s9999 xx 000 0 und d
041 _aEnglish
082 _a105.23
_bJOT
100 _aN. D. Jotwani
245 0 _aFundamentals of Programming with Fortran 77
_cby N. D. Jotwani
260 _bCharotar Pub
_aNew Delhi
_c1990
300 _a216
650 _aBE Computer
942 _cBK
999 _c6691
_d6691